000 00662nam a2200205 i 4500
001 134389
003 ES-MaACL
005 20230906194650.0
007 t|
008 070910s1972 sp ||||1| spa d
100 1 _aXifra Heras, Jorge.
_9117505
245 1 3 _aLa información
_b: análisis de una libertad /
_cJorge Xifra Heras.
260 _aBarcelona :
_bHispano Europeo,
_c[1972]
300 _aX, 345 p. ;
_c21 cm.
490 1 _aBiblioteca hispano europea de ciencias sociales
650 1 4 _aInformación.
_913755
830 0 _aBiblioteca hispano europea de ciencias sociales
_9219842
852 _aES-MaACL
_jC-48819
_bR.84896
999 _c134389
_d134389